Nabí / Josep Carner ; traducción y edición de José Agustín Goytisolo y Juan Ramón Masoliver ; prólogo de Gabriel Ferrater
Descripción Física:
139 p. ; 22 cm
Colección:
Marca Hispánica
Otros Autores:
Goytisolo, José Agustín, 1928-1999
,
Masoliver, Juan Ramón, tr. i ed
,
Ferrater, Gabriel
MARC
| LEADER | 00000nam a2200000Ia 4500 | ||
|---|---|---|---|
| 001 | 2324 | ||
| 008 | 160829s1986 xx 000 0 cat d | ||
| 080 | |a L-1-84 | ||
| 100 | |a Carner, Josep, |d 1884-1970 |9 24255 | ||
| 245 | |a Nabí / Josep Carner ; traducción y edición de José Agustín Goytisolo y Juan Ramón Masoliver ; prólogo de Gabriel Ferrater | ||
| 260 | |a Barcelona : |b Edicions del Mall, |c 1986 | ||
| 300 | |a 139 p. ; |c 22 cm | ||
| 490 | |a Marca Hispánica | ||
| 590 | |a Edició bilíngüe català - castellà. | ||
| 590 | |a Títol original: 'Nabí' | ||
| 700 | 1 | |a Goytisolo, José Agustín, |d 1928-1999 |e traductor, editor |9 37629 | |
| 700 | |a Masoliver, Juan Ramón, tr. i ed. |9 27907 |e traductor, editor | ||
| 700 | |a Ferrater, Gabriel |e autor del pròleg |9 27480 | ||
| 901 | |a Arxiu | ||
| 942 | |n 1 |2 udc | ||
| 952 | |0 0 |1 0 |4 0 |6 L184 |7 1 |9 44593 |a Arxiu |b Arxiu |d 2016-12-01 |l 0 |o L-1-84 |p 2324 |r 2016-12-01 00:00:00 |w 2016-12-01 |y ARXIU | ||
| 999 | |c 47174 |d 47174 | ||